书目信息 |
| 书名: | The Most Exclusive Club | |
| 作者: | Lewis L.Gould | |
| 分册号: | ||
| 分册名: | 出版地: | US |
|
| 出版社: | BASIC BOOKS | |
| 出版时间: | 2010 | |
| 页数: | 402p | |
| 开本: | 20cm | |
| 丛书名: | ||
| 中图分类号: | ||
| 科图分类号: | ||
| 其他分类号: | D771.2 | |
| 主题词: | ||
| 电子资源: | ||
| 000 | 00496nam0 2200193 450 | |
| 001 | 052012178878 | |
| 005 | 20121107161632.0 | |
| 008 | 20021229d1997 em y0chiy0121 ea | |
| 020 | @a0-465-02778-4@bhard@c$27.50 | |
| 041 | @aeng | |
| 091 | @aD771.2 | |
| 099 | @dD771.2@eL6749 | |
| 100 | @aLewis L.Gould | |
| 245 | 10 | @aThe Most Exclusive Club@cLewis L.Gould |
| 260 | @aUS@bBASIC BOOKS@c2010 | |
| 300 | @a402p@c20cm | |
| 521 | @aThe Most Exclusive Club | |
| 905 | @b009570 | |
| 905 | @aTSG@dD771.2@eL6749 | |
| The Most Exclusive Club / Lewis L.Gould.-US : BASIC BOOKS , 2010 |
| 402p ; 20cm |
| The Most Exclusive Club |
| ISBN 0-465-02778-4hard$27.50 |
| ● |
| 相关链接 |
|
|
|
正题名:The Most Exclusive Club
索取号:D771.2/L6749
 
预约/预借
| 序号 | 登录号 | 条形码 | 馆藏地/架位号 | 状态 | 备注 |
| 1 | 9570 | 300095705 | 社科库509/509社科库 53排1列5层/ [索取号:D771.2/L6749] | 在馆 |